00857 a2200157 4500003000500000005001700005040000900022082001200031100002200043245007800065250001100143260003700154300003200191505045200223650002400675Nust20230912090518.0 cNust a600,CHA aChapman, W. A. J. aWorkshop Technology Part 1ban introductory coursec by W. A. J. Chapman. a5th ed aLondon,b E. Arnold & co.c1972] a410pbdiagrs., form. 19 cm. aIntroduction Material Iron And Steel (Page-1),The Properties And Treatment Of Iron And Steel (Page-31),Non-Ferrous Metals And Alloys (Page-59),Heat Processes Forging Riveting (Page-91),Power Safety And Care (Page-129), Metal Cutting (Page-167),Checking And Measurements (Page-194),The Bench, Flat Surface (Page-229), Marking Out Drilling Screwing(Page-255),Introduction To The Lathe (Page-295),Chuck Work (Page-330),The Shaping Machine (Page-367). aWorkshop Technology